Medium Term Expenditure Framework(MTEF) F0r 2022-202 (National Commission For Civic Education) Programme Based For 2022 (Record no. 817)

MARC details
000 -LEADER
fixed length control field 00590nam a2200157Ia 4500
008 - FIXED-LENGTH DATA ELEMENTS--GENERAL INFORMATION
fixed length control field 240428s9999||||xx |||||||||||||| ||und||
041 ## - LANGUAGE CODE
Language code of text/sound track or separate title eng
082 ## - DEWEY DECIMAL CLASSIFICATION NUMBER
Classification number MTEF/NCCE/22
100 ## - MAIN ENTRY--PERSONAL NAME
Personal name Ministry of Finance
245 #0 - TITLE STATEMENT
Title Medium Term Expenditure Framework(MTEF) F0r 2022-202 (National Commission For Civic Education) Programme Based For 2022
260 ## - PUBLICATION, DISTRIBUTION, ETC.
Name of publisher, distributor, etc. Ministry of Finance
Place of publication, distribution, etc. [Accra] :
Date of publication, distribution, etc. 2022
300 ## - PHYSICAL DESCRIPTION
Extent v, 47p; diag, photos,tabs.
650 ## - SUBJECT ADDED ENTRY--TOPICAL TERM
Topical term or geographic name entry element Medium Term Expenditure Framework - Programme Based For 2022 - Medium Term Expenditure FramNational Commission Fo
942 ## - ADDED ENTRY ELEMENTS (KOHA)
Koha item type Annual Estimates
Holdings
Withdrawn status Lost status Damaged status Not for loan Home library Current library Shelving location Date acquired Total checkouts Full call number Date last seen Copy number Price effective from Koha item type
        Main Library Main Library Open Shelves 04/03/2022   MTEF/NCCE/22/183 29/04/2024 1 29/04/2024 Annual Estimates
©2026  Parliament of Ghana Library - All rights reserved